[Event "FRM-chT 23rd"]
[Site "Struga"]
[Date "2014.07.17"]
[Round "4.3"]
[White "Semsiu, Agim"]
[Black "Kacakovski, Dimitar"]
[Result "0-1"]
[WhiteElo "2044"]
[BlackElo "2155"]
[PlyCount "44"]
[EventDate "2014.07.14"]
[EventType "team-tourn"]
[EventRounds "5"]
[EventCountry "MKD"]
[SourceTitle "CBM 161 Extra"]
[Source "ChessBase"]
[SourceDate "2014.08.29"]
[SourceVersion "1"]
[SourceVersionDate "2014.08.29"]
[SourceQuality "1"]
[WhiteTeam "Kumanovo"]
[BlackTeam "Skopje Karposh"]
[WhiteTeamCountry "MKD"]
[BlackTeamCountry "MKD"]

1. d4 d5 2. c4 e6 3. Nf3 Nf6 4. Nc3 Be7 5. e3 0-0 6. cxd5 exd5 7. Bd3 c5 8. 0-0 Nc6 9. h3 a6 10. a4 Re8 11. Ne5 Qb6 12. Nxd5 Nxd5 13. Qh5 g6 14. Bxg6 fxg6 15. Nxg6 Nf6 16. Qg5 Kf7 17. a5 Qc7 18. Nf4 Rg8 19. Qh6 cxd4 20. exd4 Nxd4 21. Ra3 Nf5 22. Nd5 Qc6 0-1

[Event "FRM-chT 22nd"]
[Site "Struga"]
[Date "2013.08.04"]
[Round "7.6"]
[White "Organdziev, Oliver"]
[Black "Semsiu, Agim"]
[Result "1-0"]
[WhiteElo "2291"]
[BlackElo "2019"]
[PlyCount "65"]
[EventDate "2013.07.29"]
[EventType "team-tourn"]
[EventRounds "7"]
[EventCountry "MKD"]
[SourceTitle "CBM 155 Extra"]
[Source "ChessBase"]
[SourceDate "2013.08.26"]
[SourceVersion "1"]
[SourceVersionDate "2013.08.26"]
[SourceQuality "1"]
[WhiteTeam "Skopje Gambit Asseko"]
[BlackTeam "Kumanovo"]
[WhiteTeamCountry "MKD"]
[BlackTeamCountry "MKD"]

1. e4 c5 2. Nf3 Nc6 3. Bb5 d6 4. 0-0 e5 5. c3 Bg4 6. h3 Bh5 7. d3 Nf6 8. Bg5 Be7 9. Nbd2 0-0 10. Re1 h6 11. Bxf6 Bxf6 12. Nf1 Qb6 13. Bxc6 bxc6 14. g4 Bg6 15. b3 Rfe8 16. Ng3 a5 17. a4 d5 18. c4 d4 19. Kg2 Rab8 20. Rb1 Qd8 21. Rh1 Bh4 22. Re1 Bg5 23. Nf5 Bxf5 24. exf5 Bf4 25. Re4 Re7 26. f6 gxf6 27. Nh4 Reb7 28. Nf5 Rb4 29. Rxf4 exf4 30. Qf3 Rxb3 31. Re1 Rb1 32. Re4 Rc1 33. Qxf4 1-0

[Event "Skopje Karposh op"]
[Site "Skopje"]
[Date "2013.03.14"]
[Round "7"]
[White "Semsiu, Agim"]
[Black "Makolli, Perparim"]
[Result "0-1"]
[WhiteElo "2010"]
[BlackElo "2223"]
[PlyCount "90"]
[EventDate "2013.03.09"]
[EventType "swiss"]
[EventRounds "9"]
[EventCountry "MKD"]
[SourceTitle "CBM 153 Extra"]
[Source "ChessBase"]
[SourceDate "2013.04.22"]
[SourceVersion "1"]
[SourceVersionDate "2013.04.22"]
[SourceQuality "1"]

1. e4 c5 2. Nf3 a6 3. d4 cxd4 4. Nxd4 e5 5. Nb3 Nf6 6. Nc3 Bb4 7. Bg5 Nc6 8. Bd3 h6 9. Bxf6 Bxc3+ 10. bxc3 Qxf6 11. Qd2 d6 12. c4 Be6 13. 0-0 0-0 14. f4 exf4 15. Qxf4 Qxf4 16. Rxf4 Ne5 17. Nd2 Rfc8 18. Rb1 b5 19. cxb5 axb5 20. Rxb5 Rxa2 21. Nf1 Rc3 22. Rf3 Nxf3+ 23. gxf3 g6 24. h4 Ra1 25. Kf2 Bc4 26. Rb8+ Kg7 27. Bxc4 Rxc4 28. Ne3 Rc3 29. Rb3 Rxb3 30. cxb3 Kf8 31. Nd5 Ke8 32. b4 Rb1 33. Kg3 Kd7 34. Kf4 Rh1 35. Kg4 Rg1+ 36. Kf4 Kc6 37. Ne7+ Kb5 38. Nd5 g5+ 39. hxg5 Rxg5 40. Ne3 Kxb4 41. Nf5 Rg6 42. e5 dxe5+ 43. Kxe5 Re6+ 44. Kf4 Kc3 45. Ng3 Kd3 0-1

[Event "Skopje Karposh op"]
[Site "Skopje"]
[Date "2013.03.10"]
[Round "3"]
[White "Semsiu, Agim"]
[Black "Goriatchkin, Jouri"]
[Result "0-1"]
[WhiteElo "2010"]
[BlackElo "2302"]
[PlyCount "90"]
[EventDate "2013.03.09"]
[EventType "swiss"]
[EventRounds "9"]
[EventCountry "MKD"]
[SourceTitle "CBM 153 Extra"]
[Source "ChessBase"]
[SourceDate "2013.04.22"]
[SourceVersion "1"]
[SourceVersionDate "2013.04.22"]
[SourceQuality "1"]

1. e4 e6 2. d4 d5 3. Nc3 Nf6 4. e5 Nfd7 5. Nf3 c5 6. Bb5 Nc6 7. Bxc6 bxc6 8. 0-0 Be7 9. Re1 0-0 10. Bf4 cxd4 11. Nxd4 Qb6 12. Nb3 c5 13. Rb1 a5 14. Qg4 f5 15. Qg3 Bb7 16. Nd2 d4 17. Na4 Qc6 18. b3 Rf7 19. Nc4 g5 20. Bd2 g4 21. f3 Rg7 22. Kf1 gxf3 23. Qxf3 Rxg2 24. Qxc6 Bxc6 25. Re2 Rxe2 26. Kxe2 Kf7 27. Rg1 Bb5 28. Bf4 Bxc4+ 29. bxc4 Rb8 30. a3 Nf8 31. Bg5 Bxg5 32. Rxg5 Nd7 33. Rh5 Kg6 34. Rh3 Rc8 35. Rg3+ Kf7 36. Rh3 Nxe5 37. Rxh7+ Kg6 38. Ra7 Nxc4 39. Kd3 Ne5+ 40. Ke2 c4 41. Rxa5 Kf6 42. Nb6 Rh8 43. Rc5 Rxh2+ 44. Kd1 d3 45. cxd3 cxd3 0-1

[Event "FRM-chT 21st"]
[Site "Struga"]
[Date "2012.07.19"]
[Round "4.3"]
[White "Semsiu, Agim"]
[Black "Jacimovic, Dragoljub"]
[Result "0-1"]
[WhiteElo "2005"]
[BlackElo "2431"]
[PlyCount "76"]
[EventDate "2012.07.16"]
[EventType "team-tourn"]
[EventRounds "7"]
[EventCountry "MKD"]
[SourceTitle "CBM 149 Extra"]
[Source "ChessBase"]
[SourceDate "2012.08.24"]
[SourceVersion "1"]
[SourceVersionDate "2012.08.24"]
[SourceQuality "1"]
[WhiteTeam "Kumanovo"]
[BlackTeam "Skopje Alkaloid"]
[WhiteTeamCountry "MKD"]
[BlackTeamCountry "MKD"]

1. e4 e6 2. d4 d5 3. Nc3 Bb4 4. e5 c5 5. a3 Bxc3+ 6. bxc3 Qa5 7. Bd2 Qa4 8. Qb1 c4 9. Ne2 f6 10. exf6 Nxf6 11. g3 Nc6 12. Bg2 0-0 13. 0-0 Ne4 14. Be3 b6 15. f3 Nd6 16. Bf4 Nb5 17. Qb2 Bd7 18. h4 Rae8 19. Be5 Nxe5 20. dxe5 Rc8 21. Rf2 Rfd8 22. Bh3 Rc5 23. f4 Rf8 24. g4 d4 25. cxd4 c3 26. Qb3 Nxd4 27. Qxa4 Nxe2+ 28. Rxe2 Bxa4 29. f5 Kf7 30. Rd1 exf5 31. gxf5 Re8 32. e6+ Kf6 33. Rd4 Bc6 34. h5 Rd5 35. Rxd5 Bxd5 36. Re3 Rc8 37. Kf2 Bb3 38. Re2 h6 0-1

[Event "FRM-chT 21st"]
[Site "Struga"]
[Date "2012.07.17"]
[Round "2.3"]
[White "Semsiu, Agim"]
[Black "Koteski, Djorgji"]
[Result "1/2-1/2"]
[WhiteElo "2005"]
[BlackElo "2276"]
[PlyCount "25"]
[EventDate "2012.07.16"]
[EventType "team-tourn"]
[EventRounds "7"]
[EventCountry "MKD"]
[SourceTitle "CBM 149 Extra"]
[Source "ChessBase"]
[SourceDate "2012.08.24"]
[SourceVersion "1"]
[SourceVersionDate "2012.08.24"]
[SourceQuality "1"]
[WhiteTeam "Kumanovo"]
[BlackTeam "Prilep"]
[WhiteTeamCountry "MKD"]
[BlackTeamCountry "MKD"]

1. e4 c5 2. Nf3 Nc6 3. d4 cxd4 4. Nxd4 d6 5. Nc3 g6 6. Be3 Bg7 7. Qd2 Nf6 8. f3 0-0 9. Bc4 Qa5 10. 0-0-0 Bd7 11. Kb1 Rfc8 12. Bb3 Ne5 13. Nd5 1/2-1/2

[Event "Skopje Karposh op"]
[Site "Skopje"]
[Date "2012.04.07"]
[Round "1"]
[White "Pancevski, Filip"]
[Black "Semsiu, Agim"]
[Result "1-0"]
[WhiteElo "2470"]
[BlackElo "1988"]
[PlyCount "57"]
[EventDate "2012.04.07"]
[EventType "swiss"]
[EventRounds "9"]
[EventCountry "MKD"]
[SourceTitle "CBM 147 Extra"]
[Source "ChessBase"]
[SourceDate "2012.04.24"]
[SourceVersion "1"]
[SourceVersionDate "2012.04.24"]
[SourceQuality "1"]

1. e4 c5 2. Nc3 e6 3. Nf3 Nc6 4. d4 cxd4 5. Nxd4 a6 6. Nxc6 bxc6 7. Bd3 d5 8. 0-0 d4 9. Na4 Bd7 10. b3 c5 11. Nb2 Nf6 12. Qe2 Qb8 13. Bg5 Bd6 14. g3 a5 15. Nc4 Bc7 16. Bxf6 gxf6 17. Qh5 Bd6 18. Rae1 Be7 19. e5 f5 20. Bxf5 Ra7 21. Be4 Bb5 22. a4 Bxc4 23. bxc4 Qc7 24. f4 Rg8 25. Rb1 Qd7 26. Rb6 Rc7 27. Rfb1 d3 28. cxd3 Qxa4 29. Rxe6 1-0

[Event "Skopje-ch op"]
[Site "Skopje"]
[Date "2011.12.10"]
[Round "8"]
[White "Semsiu, Agim"]
[Black "Jancev, Valentin"]
[Result "1-0"]
[WhiteElo "1930"]
[BlackElo "2103"]
[PlyCount "53"]
[EventDate "2011.12.03"]
[EventType "swiss"]
[EventRounds "9"]
[EventCountry "MKD"]
[SourceTitle "CBM 145 Extra"]
[Source "ChessBase"]
[SourceDate "2012.01.03"]
[SourceVersion "1"]
[SourceVersionDate "2012.01.03"]
[SourceQuality "1"]

1. e4 c5 2. Nf3 Nc6 3. d4 cxd4 4. Nxd4 d6 5. Nc3 a6 6. a4 Nf6 7. Bc4 g6 8. 0-0 Bg7 9. Nxc6 bxc6 10. Qd3 e5 11. Rd1 d5 12. exd5 cxd5 13. Bxd5 Nxd5 14. Qxd5 Qxd5 15. Nxd5 0-0 16. Ne7+ Kh8 17. Nxc8 Raxc8 18. c3 Rfd8 19. Be3 f5 20. Bb6 Rxd1+ 21. Rxd1 e4 22. Rd8+ Rxd8 23. Bxd8 h5 24. c4 Bxb2 25. c5 Be5 26. c6 Kg8 27. c7 1-0

[Event "Skopje-ch op"]
[Site "Skopje"]
[Date "2011.12.04"]
[Round "2"]
[White "Veleski, Robert"]
[Black "Semsiu, Agim"]
[Result "1-0"]
[WhiteElo "2266"]
[BlackElo "1930"]
[PlyCount "115"]
[EventDate "2011.12.03"]
[EventType "swiss"]
[EventRounds "9"]
[EventCountry "MKD"]
[SourceTitle "CBM 145 Extra"]
[Source "ChessBase"]
[SourceDate "2012.01.03"]
[SourceVersion "1"]
[SourceVersionDate "2012.01.03"]
[SourceQuality "1"]

1. Nf3 Nf6 2. b3 e6 3. Bb2 d5 4. e3 Be7 5. Be2 0-0 6. 0-0 b6 7. c4 Bb7 8. Nc3 c5 9. d4 Nbd7 10. Rc1 Rc8 11. Re1 cxd4 12. Nxd4 Bb4 13. a3 Bxc3 14. Bxc3 dxc4 15. Bb4 Nc5 16. Bxc4 Nfe4 17. a4 Qh4 18. Qe2 Ng5 19. f3 Rfd8 20. Qf2 Qxf2+ 21. Kxf2 a5 22. Ba3 e5 23. Nf5 Rd2+ 24. Re2 Rcd8 25. Bxc5 bxc5 26. Ke1 Rxe2+ 27. Kxe2 g6 28. Ng3 h5 29. h4 Nh7 30. Bb5 Rc8 31. Rd1 Nf6 32. Rd6 Kg7 33. e4 Rc7 34. Nf1 Bc8 35. Nd2 Be6 36. Ra6 Ng8 37. Rxa5 Ne7 38. Ra6 Kh6 39. Nc4 Bxc4+ 40. bxc4 Kg7 41. a5 f5 42. Rd6 Nc8 43. Re6 fxe4 44. fxe4 Kf7 45. Rc6 Rxc6 46. Bxc6 Ke6 47. Kd3 Kd6 48. Be8 Ne7 49. Kc3 Kc7 50. Kb3 Kb7 51. Ka4 Ka6 52. Bf7 Nc6 53. Bxg6 Nxa5 54. Bxh5 Kb6 55. Be2 Nc6 56. h5 Ne7 57. h6 Kc6 58. Bh5 1-0

[Event "Skopje op 19th"]
[Site "Skopje"]
[Date "2011.10.24"]
[Round "1"]
[White "Semsiu, Agim"]
[Black "Bogdanovski, Vlatko"]
[Result "0-1"]
[WhiteElo "1895"]
[BlackElo "2418"]
[PlyCount "64"]
[EventDate "2011.10.24"]
[EventType "swiss"]
[EventRounds "9"]
[EventCountry "MKD"]
[SourceTitle "EXT 2012"]
[Source "ChessBase"]
[SourceDate "2011.11.24"]
[SourceVersion "1"]
[SourceVersionDate "2011.11.24"]
[SourceQuality "1"]

1. e4 d6 2. d4 Nf6 3. Nc3 g6 4. Nf3 Bg7 5. Bc4 0-0 6. h3 c5 7. Be3 cxd4 8. Nxd4 Nc6 9. Qd2 Bd7 10. Bb3 Nxd4 11. Bxd4 b5 12. f3 a5 13. a4 b4 14. Ne2 Bc6 15. g4 Qc7 16. h4 Rfd8 17. Qe3 Rab8 18. g5 Nh5 19. Bxg7 Kxg7 20. Nf4 d5 21. Nxh5+ gxh5 22. 0-0-0 dxe4 23. fxe4 Qe5 24. Rdf1 e6 25. Rf4 Rb7 26. Rhf1 Rd4 27. Qf3 Be8 28. Qxh5 Rxe4 29. Qh6+ Kg8 30. Rxe4 Qxe4 31. h5 Rd7 32. Kb1 Qe2 0-1